The Holy Sundarakanda/ (Record no. 64378)

MARC details
000 -LEADER
fixed length control field 00625nam a22001457a 4500
005 - DATE AND TIME OF LATEST TRANSACTION
control field 2012021600430.0
020 ## - INTERNATIONAL STANDARD BOOK NUMBER
Terms of availability 000.00
International Standard Book Number 8176460257
035 ## - SYSTEM CONTROL NUMBER
System control number A-945792
037 ## - SOURCE OF ACQUISITION
Stock number DPL
Source of stock number/acquisition ENG
245 ## - TITLE STATEMENT
Title The Holy Sundarakanda/
260 ## - PUBLICATION, DISTRIBUTION, ETC. (IMPRINT)
Place of publication, distribution, etc Delhi
Name of publisher, distributor, etc B.R.Publishing
Date of publication, distribution, etc 1998
300 ## - PHYSICAL DESCRIPTION
Extent xxiii,237p.
Dimensions 22cms.
942 ## - ADDED ENTRY ELEMENTS (KOHA)
Source of classification or shelving scheme Dewey Decimal Classification
Item type English Books
Classification part 230.1
Call number suffix RAM
Holdings
Withdrawn status Lost status Not for loan Collection code Home library Current library Date acquired Cost, normal purchase price Full call number Barcode Cost, replacement price Koha item type
      Non-fiction Sarojini Nagar Sarojini Nagar 26/03/2012 0.00 230.1 RAM A-945792 0.00 English Books

© Delhi Public Library
Hit Counter
free hit counter